[Event "Ulm/Neu Ulm-ch"]
[Site "Ulm/Neu Ulm"]
[Date "2009.10.16"]
[Round "3"]
[White "Huppertz, Anton"]
[Black "Radovic, Miodrag"]
[Result "1-0"]
[WhiteElo "1349"]
[BlackElo "1506"]
[PlyCount "93"]
[EventDate "2009.09.18"]
[EventType "swiss"]
[EventRounds "5"]
[EventCountry "GER"]
[SourceTitle "EXT 2011"]
[Source "ChessBase"]
[SourceDate "2010.11.26"]
[SourceVersion "1"]
[SourceVersionDate "2010.11.26"]
[SourceQuality "1"]

1. c4 Nf6 2. g3 g6 3. Bg2 Bg7 4. d4 e6 5. Nc3 c6 6. b4 0-0 7. e4 d6 8. Nge2 Qc7 9. h3 Nbd7 10. Be3 b6 11. Rc1 Bb7 12. 0-0 c5 13. bxc5 dxc5 14. Nb5 Qd8 15. Nd6 Rb8 16. Nxb7 Qc7 17. Nxc5 bxc5 18. Bf4 e5 19. dxe5 Nxe5 20. Bxe5 Qxe5 21. f4 Qc7 22. e5 Nd7 23. Nc3 Qa5 24. Qxd7 Rfd8 25. Qa4 Qc7 26. Nb5 Qd7 27. Qxa7 Qd2 28. Qxc5 Bf8 29. Nd6 Rb2 30. Qf2 Qb4 31. Rc2 Rb1 32. Rxb1 Qxb1+ 33. Kh2 Rb8 34. Bb7 Rxb7 35. Nxb7 Qxb7 36. c5 Qc6 37. Qg2 Qc7 38. c6 Ba3 39. Qd5 Bb4 40. e6 fxe6 41. Qxe6+ Kf8 42. Re2 Be7 43. Qd7 Qd6 44. Rd2 Qxd7 45. Rxd7 Ke8 46. Rb7 Kd8 47. a4 1-0

[Event "Ulm/Neu Ulm-ch"]
[Site "Ulm/Neu Ulm"]
[Date "2006.10.08"]
[Round "2"]
[White "Braun, Stefan"]
[Black "Radovic, Miodrag"]
[Result "1-0"]
[WhiteElo "1745"]
[BlackElo "1515"]
[PlyCount "33"]
[EventDate "2006.09.22"]
[EventType "swiss"]
[EventRounds "7"]
[EventCountry "GER"]
[SourceTitle "EXT 2011"]
[Source "ChessBase"]
[SourceDate "2010.11.26"]
[SourceVersion "1"]
[SourceVersionDate "2010.11.26"]
[SourceQuality "1"]

1. e4 c5 2. d4 cxd4 3. c3 dxc3 4. Nxc3 e6 5. Bc4 a6 6. Nf3 Nc6 7. Qe2 Bb4 8. 0-0 Bxc3 9. bxc3 b5 10. Bb3 Qc7 11. Rd1 Nge7 12. Ba3 0-0 13. Bd6 Qa5 14. Rd3 Re8 15. Ng5 b4 16. Qh5 Ng6 17. Qxh7# 1-0